000 00675nam a2200265Ia 4500
005 20260121165823.0
008 008 260114s9999 xx 000 0 eng d
020 _a9789812879349
037 _aEBOOK
040 _aCRL
040 _beng
040 _cCRL
041 _2eng
041 _aeng
084 _qCRL
100 _aVictoria Carrington, Jennifer Rowsell, Esther Priyadharshini, Rebecca Westrup
_91056435
245 0 _aGeneration Z
260 _bSpringer
260 _bSpringer
260 _c2016
856 _uhttps://link.springer.com/openurl?genre=book&isbn=978-981-287-934-9
942 _cEBOOK
999 _c1622163
_d1622163